000
00315nam a2200133Ia 4500
008
151001s9999||||xx |||||||||||||| ||und||
100
_a
दीपक शर्मा
245
_a
मंजर
250
_a
1
260
_b
लिट्रेसी
260
_c
2009
300
_a
91
365
_b
21
999
_c
994940
_d
994937